Online Public Access Catalog -OPAC

A Colour Atlas of Pathogenic Fungi (Record no. 2540)

MARC details
000 -LEADER
fixed length control field 00507nam a2200145Ia 4500
008 - FIXED-LENGTH DATA ELEMENTS--GENERAL INFORMATION
fixed length control field 1979xxk er 0 1 0 eng
020 ## - INTERNATIONAL STANDARD BOOK NUMBER
International Standard Book Number 723407444
040 ## - CATALOGING SOURCE
Original cataloging agency NG-ZaABU
100 ## - MAIN ENTRY--PERSONAL NAME
Personal name Frey, D.
245 #2 - TITLE STATEMENT
Title A Colour Atlas of Pathogenic Fungi
Statement of responsibility, etc. by D. Frey, R.J.Oldfield and R.C. Bridger
260 ## - PUBLICATION, DISTRIBUTION, ETC.
Place of publication, distribution, etc. London:
Name of publisher, distributor, etc. Wolfe Medical Publications
Date of publication, distribution, etc. 1979
300 ## - PHYSICAL DESCRIPTION
Extent 168p.:ill.
700 ## - ADDED ENTRY--PERSONAL NAME
Personal name Olds, R.J.;Bridger, R.C.

No items available.

Customized by ICT Technical Service Unit on 29th Dec 2022

Kashim Ibrahim Library